000 00278nam a2200121Ia 4500
008 190216s9999||||xx |||||||||||||| ||und||
100 _aShankunni T R
245 0 _aGavya Sastram
260 _bKerala Bhasha Institute
_c1971
300 _a248p
650 _aZoology
942 _cBK
999 _c37826
_d37826